| 000 | 00476nam a2200193 a 4500 | ||
|---|---|---|---|
| 001 | 3451 | ||
| 003 | CDMR | ||
| 005 | 20131204103905.0 | ||
| 008 | 130130s1992||||||||||||||||||||||||||||d | ||
| 020 | _a8465014177 | ||
| 040 |
_aCDMR _bcat _cCDMR |
||
| 100 | 1 |
_aSontag, Susan _92490 |
|
| 245 | 1 | 0 |
_aSobre la fotografĂa _cSusan Sontag |
| 260 |
_aBarcelona _c1992 _bEdhasa |
||
| 300 | _a217 p. | ||
| 650 | 0 | 4 |
_94210 _aFotografia _xFilosofia |
| 650 | 0 | 4 |
_93628 _aAssaig |
| 942 |
_cMON _2udc |
||
| 999 |
_c3451 _d3451 |
||